| 000 | 00626nam a22002297a 4500 | ||
|---|---|---|---|
| 003 | OSt | ||
| 005 | 20180226151627.0 | ||
| 008 | 160830b xxu||||| |||| 00| 0 eng d | ||
| 020 | _a9781451176605 | ||
| 020 | _a1451176605 | ||
| 040 | _cDMLN | ||
| 082 | _aWO235 A31r 2014 | ||
| 100 |
_aEditor Jaffe, Richard A. _910949 |
||
| 245 | _aAnesthesiologist's Manual of Surgical Procedures | ||
| 250 | _a5th ed. | ||
| 260 | _aPhiladelphia; Wolters Kluwer, 2014 | ||
| 300 | _axxxii,1588p; col.ill: 28.5cm | ||
| 504 | _aAppendices,& index included | ||
| 650 |
_aAnesthesia _93094 |
||
| 650 |
_aSurgery _9323 |
||
| 942 |
_2z _cB_BANK |
||
| 999 |
_c5113 _d5113 |
||